000 01396nam a22003737a 4500
003 CHAP
005 20220817044312.0
008 091119s197- mx a r 00010 spa d
010 _a97103
011 _a98075
035 _a108754
040 _cCHAP
090 _aFolleto 17458
110 2 _aMéxico. Departamento de Asuntos Agrarios y Colonización
_976899
245 1 4 _aLos campesinos :
_bpermuta, fusión y división de bienes ejidales y comunales
_c/por Departamento de Asuntos Agrarios y Colonización
246 1 3 _iTitulo en portada :
_aPermuta, fusión y división de bienes ejidales y comunales
260 _aMéxico :
_bBiblioteca Campesina,
_c[197?-]
300 _a16 p. :
_bilus.
490 0 _aBiblioteca campesina.
_pManuales y folletos comentados
590 _aBATCH-UPD
_b10
_c20130110
_lUCH01
_h1518
590 _aBATCH-UPD
_b10
_c20130410
_lUCH01
_h0932
590 _aBATCH-UPD
_b10
_c20130914
_lUCH01
_h1253
590 _aCONVERSION
_b10
_c20130109
_lUCH01
_h1354
650 1 4 _aAgricultura
_xAspectos económicos.
650 1 4 _aEjidos.
_936002
650 1 4 _aPolítica agrícola.
_990283
650 1 4 _aReforma agraria.
_995517
650 1 4 _aTierras
_xTenencia.
_9113130
830 0 _aBiblioteca campesina.
_pManuales y folletos comentados
_912254
901 _aBK
911 _aen proceso
942 _cFOLL
949 _aFolleto 17458
_bBC
_cFOLL
_d33724002126959
_eTS1
_i108754
_sb
999 _c97103
_d97103